Normal view
MARC view
Entry Personal Name
001 - CONTROL NUMBER
- control field: 75790
003 - CONTROL NUMBER IDENTIFIER
- control field: dpl
005 - DATE AND TIME OF LATEST TRANSACTION
- control field: 20250103121209.0
008 - FIXED-LENGTH DATA ELEMENTS
- fixed length control field: 250103|| aca||aabn | a|a d
040 ## - CATALOGING SOURCE
- Original cataloging agency: dpl
- Transcribing agency: dpl
100 ## - HEADING--PERSONAL NAME
- Personal name: Moses, N
670 ## - SOURCE DATA FOUND
- Source citation: Work cat.: (dpl)208005: Sudhakar, A. 75788, Theory and Practice of GST/, 2021
